000 00651nam a2200241Ia 4500
003 OSt
005 20220918200446.0
006 a|||||r|||| 00| 0
007 ta
008 220917b |||||||| |||| 00| 0 eng d
024 _a88,928
037 _cTextual
040 _aARTS
_cARTS
_beng
041 _2eng
_aeng
082 _aU42.65, M1
100 _aZachariah K C
_934112
245 0 _aMigration in West Africa
_b demographic aspects
260 _aWashington
_bOUP
_c1981
650 _aGEOGRAPHY
700 _a Conde Julien
_994204
942 _hU42.65, M1
_cTEXL
_2CC
999 _c212598
_d212598